000 00506nam a2200181Ia 4500
001 23653
005 20260414150951.0
008 260414t2010||||xx |||||||||||||| ||spa||
041 _aESP
082 _a686
_bE347
100 _aEisenstein, Elizabeth L.
_eAUT
245 0 _aLa imprenta como agente de cambio :
_bComunicación y trasformaciones culturales en la Europa moderna temprana
260 _c2010
300 _a725 pƔginas :
_c\N
650 _aTCA
654 _aCII
942 _cLIB
_dJUS
_fJUS
_2ddc
_n
999 _c23653
_d23653